1555 1281 1065 1125 1412 1834 1007 1660 1134 1411 1704 1234 1526 1887 1704 1204 1187 1029 1057 1143 1418 1218 1889 1832 1957 1316 1100 1302 1035 1882 1579 1999 1571 1018 1183 1098 1140 1027 1195 1051 1101 1812 1918 1830 1303 1693 1797 1649 1720 1996 1830 1504 1410 2000 1390 1758 1418 1695 1684 1289 1235 1870 1673 1399 1185 1295 1488 1987 1331 1504 1036 1214 1833 1790 1433 1504 1061 1700 1892 1127 1493 1092 1222 1879 1063 1276 1646 1554 1399 1995 1423 1500 1872 1219 1297 1840 1769 1771 1010 BCNSPRNW ULIB Ver.6.0+V

เปลี่ยนเป็นภาษาไทย

Change to English
 แสดงรายละเอียดบรรณานุกรม
  กลับหน้าหลัก

Brief Record : Get Marc (ISO 2709) : E-mail record : QR code < ปิดหน้าต่าง
LEADER : 00000nam 2200000uu 4500
001    13399120049
003     ULIB
008    020711s2552 th a 000 0 tha d
020    9786165000086
090    นว.^bร147บ
100    ร่มแก้ว
245    แม่น้ำนี้ชื่อนิจนิรันดร์ /^cร่มแก้ว
260     กรุงเทพฯ^bพิมพ์คำ,^c2552
300    318 หน้า
945    ^p220^l0^i16288
999    ^aทศพร เกษรทอง
รายการนี้ยังไม่มีแท็ก
คุณยังไม่ได้ล็อกอิน คุณสามารถมีกิจกรรมร่วมกับเว็บไซต์ได้ แต่ต้องล็อกอินก่อน ::
  ล็อกอิน

รายการสื่อสารสนเทศ

ลำดับที่ ประเภท เลขเรียก/บาร์โค้ด สถานที่ สถานะ
1. นวนิยาย
นวนิยาย
นว. ร147บ ฉ.1 
  Barcode: 16288
ห้องสมุดวิทยาเขตสวรรค์ประชารักษ์
►นวนิยาย
บนชั้น
  ขอยืม

รายการใกล้เคียง
    ผู้แต่ง [ร่มแก้ว]

BibComment


ยังไม่เคยถูกคอมเมนท์

คอมเมนท์ทรัพยากรรายการนี้
  คอมเมนท์: แม่น้ำนี้ชื่อนิจน..


 Copyright 2026. Bcnsprnw @Library